[Event "Ustron op-C"]
[Site "Ustron"]
[Date "2021.08.20"]
[Round "9"]
[White "Pytlarz, Kamil"]
[Black "Trochimczuk, Szymon"]
[Result "0-1"]
[WhiteElo "1170"]
[BlackElo "1493"]
[PlyCount "110"]
[EventDate "2021.08.13"]
[EventType "swiss"]
[EventRounds "9"]
[EventCountry "POL"]
[SourceTitle "EXT 2022"]
[Source "ChessBase"]
[SourceDate "2021.10.06"]
[SourceVersion "1"]
[SourceVersionDate "2021.10.06"]
[SourceQuality "1"]

1. d4 d5 2. c4 c6 3. Nc3 Nf6 4. e3 e6 5. Nf3 Nbd7 6. Bd2 Be7 7. a3 dxc4 8. Bxc4 b5 9. Bd3 Bb7 10. b4 Qb8 11. e4 a6 12. Bg5 e5 13. Bc2 exd4 14. Qxd4 c5 15. bxc5 Bxc5 16. Qd3 Ne5 17. Qe2 Nxf3+ 18. Qxf3 Bd4 19. Bb3 Bxe4 20. Nxe4 Bxa1 21. Nxf6+ Bxf6 22. Bxf6 gxf6 23. Qxf6 0-0 24. Qg5+ Kh8 25. Qf6+ Kg8 26. 0-0 Qd8 27. Qf5 Qd6 28. Bc2 Qg6 29. Qc5 Rac8 30. Qxf8+ Kxf8 31. Bxg6 hxg6 32. Ra1 Rc4 33. Kf1 Ke7 34. Ra2 Kd6 35. Ke2 Kc6 36. Kd3 Kb6 37. Ke3 Ka5 38. f4 Ka4 39. h4 f5 40. g4 fxg4 41. Rg2 Kxa3 42. Rxg4 Rc6 43. Ke4 b4 44. Kd5 Rf6 45. Kc4 b3 46. Rg5 Rc6+ 47. Kd5 Rf6 48. Kc4 Rxf4+ 49. Kc3 Rxh4 50. Rxg6 a5 51. Rg5 a4 52. Rg3 Rh2 53. Kc4 Ka2 54. Kb4 a3 55. Kc3 b2 0-1

[Event "POL-chT U19 2nd League"]
[Site "Iwonicz"]
[Date "2015.08.01"]
[Round "5.86"]
[White "Szarota, Milosz"]
[Black "Pytlarz, Kamil"]
[Result "1/2-1/2"]
[WhiteElo "1645"]
[BlackElo "1115"]
[PlyCount "52"]
[EventDate "2015.07.25"]
[EventType "team-swiss"]
[EventRounds "11"]
[EventCountry "POL"]
[SourceTitle "EXT 2019"]
[Source "ChessBase"]
[SourceDate "2018.10.10"]
[SourceVersion "1"]
[SourceVersionDate "2018.10.10"]
[SourceQuality "1"]
[WhiteTeam "Nowy Sacz Sandecja U19"]
[BlackTeam "Chorzow ChTS U19"]
[WhiteTeamCountry "POL"]
[BlackTeamCountry "POL"]

1. d4 d5 2. Nc3 Nf6 3. e3 e6 4. Nf3 Nbd7 5. Be2 Bd6 6. 0-0 0-0 7. Bd3 c5 8. dxc5 Nxc5 9. b3 b6 10. Be2 Nce4 11. Bd2 Bd7 12. Nxe4 Nxe4 13. c4 dxc4 14. Bxc4 b5 15. Bd3 Bc6 16. Rc1 Nxd2 17. Nxd2 Rc8 18. Ne4 Bxe4 19. Rxc8 Qxc8 20. Bxe4 Rd8 21. Qc2 Qxc2 22. Bxc2 Bb4 23. Rd1 Rxd1+ 24. Bxd1 Kf8 25. Bf3 Bd6 26. h3 b4 1/2-1/2